[Event "BRA-ch U18"]
[Site "Volta Redonda"]
[Date "2001.05.06"]
[Round "5.7"]
[White "Farias, Saulo"]
[Black "Netto, Vinicius"]
[Result "1/2-1/2"]
[WhiteElo "1838"]
[BlackElo "1788"]
[PlyCount "73"]
[EventDate "2001.05.??"]
[EventType "swiss"]
[EventRounds "6"]
[EventCountry "BRA"]
[SourceTitle "EXT 2003"]
[Source "ChessBase"]
[SourceDate "2002.11.25"]
[SourceVersion "1"]
[SourceVersionDate "2002.11.25"]
[SourceQuality "1"]

1. e4 e5 2. Nf3 Nc6 3. Bc4 Bc5 4. Nxe5 Nxe5 5. Bb3 Bb6 6. 0-0 Nh6 7. d4 Nc6 8. e5 Nf5 9. Qg4 Nce7 10. Qxg7 Rf8 11. Bh6 Ng6 12. Qxh7 Qh4 13. Bxf7+ Rxf7 14. Qxg6 Ne7 15. Qg5 Qxg5 16. Bxg5 Bxd4 17. c3 Bxe5 18. Re1 Bf6 19. Bxf6 Rxf6 20. Nd2 d6 21. Re3 Kf7 22. Rae1 Nc6 23. Ne4 Rg6 24. Ng3 Bd7 25. Rf3+ Rf6 26. Rxf6+ Kxf6 27. f3 Ne5 28. Re4 Bc6 29. Rf4+ Kg6 30. h4 Rh8 31. h5+ Kg7 32. Ne4 Kh6 33. Ng3 Bd7 34. Kf1 Bb5+ 35. Kg1 Bd7 36. Kf1 Bb5+ 37. Kg1 1/2-1/2